000 00290nam a22001217a 4500
041 _aENG
100 _aMartin.J
245 _aIntroduction To Languages And The Theory Of Computation
260 _aDelhi
_bTata McGraw-Hill
_c1998
300 _a543
650 _aM.Tech
856 _uM.Tech -(7)
999 _c1009
_d1009